LEADER 01115nam0-22003011i-450- 001 990006160120403321 005 20100720104652.0 035 $a000616012 035 $aFED01000616012 035 $a(Aleph)000616012FED01 035 $a000616012 100 $a20000112d1994----km-y0itay50------ba 101 0 $aita 102 $aIT 105 $ay-------001yy 200 1 $a<>Iva e gli scambi intracomunitari$easpetti generali$eoperazioni intracomunitarie$eoperazioni triangolari e regimi speciali$earmonizzazione delle aliquote$eadempimenti contabili eamministrativi$edisposizioni ministeriali$ecasistica$elegge 427$f93 di conversione del D.L. 331$f93$fFrancesco Santoro. 210 $aMilano$cGiuffre'$d1994 215 $aXII,, 302 p.$d24 cm 676 $a343.04$v11$zita 700 1$aSantoro,$bFrancesco$021541 801 0$aIT$bUNINA$gRICA$2UNIMARC 901 $aBK 912 $a990006160120403321 951 $aH 282$eDipartimento Scienze dello Stato Sez. Finanza Pubblica$fdss 952 $aXIV G 130$b24011*$fFGBC 959 $aDSS 996 $aIVA e gli scambi intracomunitari$9126441 997 $aUNINA LEADER 01464nam--2200409---450- 001 990002846200203316 005 20100114102324.0 010 $a2-275-02263-5 035 $a000284620 035 $aUSA01000284620 035 $a(ALEPH)000284620USA01 035 $a000284620 100 $a20061218d2002----km-y0itay50------ba 101 $afre 102 $aFR 105 $a||||||||001yy 200 1 $a<> validité du contrat suivant le droit strict ou l'équité : étude historique et comparèe des nullités contractuelles$fMichelle Cumyn$gPréface de Jacques Ghestin 210 $aParis$cL.G.D.J.$dcopyr. 2002 215 $aXIII, 299 p.$d24 cm 225 2 $aBibliothèque de droit privé$v376 410 0$12001$aBibliothèque de droit privé$v376 454 1$12001 461 1$1001-------$12001 606 0 $aContratti$xNullità$yFrancia 676 $a346.44022 700 1$aCUMYN,$bMichelle$0595408 702 1$aGHESTIN,$bJacques 801 0$aIT$bsalbc$gISBD 912 $a990002846200203316 951 $aXXV.1. Coll. 31/ 21 (COLL PHY 376)$b53275 G.$cXXV.1. Coll. 31/ 21 (COLL PHY)$d00209521 959 $aBK 969 $aGIU 979 $aFIORELLA$b90$c20061218$lUSA01$h1303 979 $aPATRY$b90$c20070221$lUSA01$h1421 979 $aRSIAV2$b90$c20100114$lUSA01$h1023 996 $aValidité du contrat suivant le droit strict ou l'équité : étude historique et comparèe des nullités contractuelles$9992444 997 $aUNISA LEADER 01641nas 2200397 n 450 001 990008969130403321 005 20240229084342.0 011 $a1720-917X 035 $a000896913 035 $aFED01000896913 035 $a(Aleph)000896913FED01 035 $a000896913 091 $2CNR$aP 00214680 100 $a20090724b18931894km-y0itaa50------ba 101 0 $aita 102 $aIT 110 $aauu-------- 200 1 $aGiornale di viticoltura, enologia ed agraria 207 1$a1893-1894 210 $aAvellino$cPergola 326 $aQuindicinale 447 0$1001000896912$12001$aGiornale di viticoltura e di enologia 530 0 $aGiornale di viticoltura, enologia ed agraria 675 $a634.8 675 $a663.2 675 $a63 801 0$aIT$bACNP$c20090723 859 4 $uhttp://acnp.cib.unibo.it/cgi-ser/start/it/cnr/dc-p1.tcl?catno=2110474&person=false&language=ITALIANO&libr=&libr_th=unina1$zBiblioteche che possiedono il periodico 901 $aSE 912 $a990008969130403321 958 $aBiblioteca Centralizzata. Facoltà di Agraria dell'Università Federico II di Napoli$b1893-1894.$fFAGBC 959 $aFAGBC 996 $aGiornale di viticoltura, enologia ed agraria$9795773 997 $aUNINA AP1 8 $6866-01$aNA087 Biblioteca Centralizzata. Facoltà di Agraria dell'Università Federico II di Napoli$ev. Università, 100 Palazzo Reale, 80055 Portici (NA)$m081-2539322$m081-7760229$nit AP2 40$aacnp.cib.unibo.it$nACNP Italian Union Catalogue of Serials$uhttp://acnp.cib.unibo.it/cgi-ser/start/it/cnr/df-p.tcl?catno=2110474&language=ITALIANO&libr=&person=&B=1&libr_th=unina&proposto=NO